[Event "GrandMasters Battle 2"]
[Site "Mustafa Kemal Atatürk"]
[Date "2020.07.07"]
[Round "1"]
[White "VahapSanal"]
[Black "Shak"]
[Result "1-0"]
[WhiteElo "1620"]
[BlackElo "1620"]
[Annotator "NA"]
[PlyCount "71"]
[EventDate "2020.07.07"]
[EventType "swiss (rapid)"]

1. e4 {[%emt 0:00:01]} e6 {[%emt 0:00:03]} 2. d4 {[%emt 0:00:08]} d5 {[%emt 0:00:04]} 3. Nd2 {[%emt 0:00:03]} c5 {[%emt 0:00:10]} 4. exd5 {[%emt 0:00:12]} exd5 {[%emt 0:00:09]} 5. Ngf3 {[%emt 0:00:09]} Nc6 {[%emt 0:00:01]} 6. Bb5 {[%emt 0:00:09]} Bd6 {[%emt 0:00:12]} 7. dxc5 {[%emt 0:00:14]} Bxc5 {[%emt 0:00:00]} 8. Nb3 {[%emt 0:00:06]} Bd6 {[%emt 0:00:16]} 9. O-O {[%emt 0:00:29]} Nge7 {[%emt 0:00:07] VahapSanal reconnected.} 10. Bd3 {[%emt 0:00:02]} h6 {[%emt 0:00:10]} 11. h3 {[%emt 0:00:03]} O-O {[%emt 0:00:04]} 12. Re1 {[%emt 0:00:43]} Nf5 {[%emt 0:00:27]} 13. c3 {[%emt 0:01:24]} Bc7 {[%emt 0:00:47]} 14. Bc2 {[%emt 0:00:22]} Qd6 {[%emt 0:00:08]} 15. Qd3 {[%emt 0:00:19]} g6 {[%emt 0:00:43]} 16. g4 {[%emt 0:03:09]} Bb6 {[%emt 0:00:04] VahapSanal reconnected.} 17. Kg2 {[%emt 0:01:24]} Bxf2 {[%emt 0:00:03]} 18. Kxf2 {[%emt 0:00:20]} Qg3+ {[%emt 0:00:03]} 19. Ke2 {[%emt 0:00:05]} Qxh3 {[%emt 0:00:41] VahapSanal reconnected.} 20. gxf5 {[%emt 0:00:03]} Re8+ {[%emt 0:04:37]} 21. Kf2 {[%emt 0:00:06]} Rxe1 {[%emt 0:01:36]} 22. Nxe1 {[%emt 0:00:05]} Qh2+ {[%emt 0:00:12]} 23. Ng2 {[%emt 0:00:02]} Bxf5 {[%emt 0:00:03]} 24. Qg3 {[%emt 0:01:03]} Qxg3+ {[%emt 0:00:15]} 25. Kxg3 {[%emt 0:00:01]} Bxc2 {[%emt 0:00:00]} 26. Bxh6 {[%emt 0:00:02]} Bxb3 {[%emt 0:00:01]} 27. axb3 {[%emt 0:00:01]} f6 {[%emt 0:00:00]} 28. Be3 {[%emt 0:00:16]} Rd8 {[%emt 0:00:01]} 29. Rd1 {[%emt 0:01:20]} g5 {[%emt 0:00:03]} 30. Bd4 {[%emt 0:00:08]} Kf7 {[%emt 0:00:03]} 31. Ne3 {[%emt 0:00:05]} Ke6 {[%emt 0:00:08]} 32. Re1 {[%emt 0:01:24]} Kf7 {[%emt 0:00:02]} 33. Nf5 {[%emt 0:00:05]} b6 {[%emt 0:00:57]} 34. b4 {[%emt 0:00:12] VahapSanal reconnected.} Rh8 {[%emt 0:00:56]} 35. b5 {[%emt 0:00:16]} Nxd4 {[%emt 0:00:28]} 36. Nxd4 {[%emt 0:00:03] Shak resigns (Lag: Av=4.10s, max=40.6s)} 1-0

[Event "GrandMasters Battle 2"]
[Site "Mustafa Kemal Atatürk"]
[Date "2020.07.07"]
[Round "2"]
[White "Shak"]
[Black "VahapSanal"]
[Result "1-0"]
[WhiteElo "1620"]
[BlackElo "1620"]
[Annotator "NA"]
[PlyCount "97"]
[EventDate "2020.07.07"]
[EventType "swiss (rapid)"]

1. d4 {[%emt 0:00:02]} d5 {[%emt 0:00:02]} 2. c4 {[%emt 0:00:04]} e6 {[%emt 0:00:01]} 3. Nf3 {[%emt 0:00:03]} a6 {[%emt 0:00:02]} 4. Qc2 {[%emt 0:00:19]} Nf6 {[%emt 0:03:30]} 5. Bg5 {[%emt 0:00:15]} Be7 {[%emt 0:00:35]} 6. e3 {[%emt 0:00:10]} Nbd7 {[%emt 0:01:02]} 7. Nc3 {[%emt 0:00:05]} dxc4 {[%emt 0:00:28]} 8. a4 {[%emt 0:00:39]} c5 {[%emt 0:00:08]} 9. dxc5 {[%emt 0:00:07]} Nd5 {[%emt 0:01:25]} 10. Bxe7 {[%emt 0:00:52]} Qxe7 {[%emt 0:00:34]} 11. Bxc4 {[%emt 0:01:06]} Nb4 {[%emt 0:00:34]} 12. Qe2 {[%emt 0:00:12]} Nxc5 {[%emt 0:00:05]} 13. O-O {[%emt 0:00:09]} b6 {[%emt 0:01:36]} 14. Rfd1 {[%emt 0:00:56]} O-O {[%emt 0:00:15]} 15. Rd4 {[%emt 0:01:05]} Nc6 {[%emt 0:00:32]} 16. Rd2 {[%emt 0:00:18]} Bb7 {[%emt 0:00:23]} 17. Rad1 {[%emt 0:00:03]} Rad8 {[%emt 0:00:14]} 18. Nd4 {[%emt 0:00:59]} Nxd4 {[%emt 0:01:06]} 19. Rxd4 {[%emt 0:01:31]} Rxd4 {[%emt 0:00:44]} 20. Rxd4 {[%emt 0:00:09]} a5 {[%emt 0:01:42]} 21. Qd1 {[%emt 0:00:58]} Qg5 {[%emt 0:00:37]} 22. g3 {[%emt 0:00:02]} Qf6 {[%emt 0:00:48]} 23. Bf1 {[%emt 0:00:22]} Bf3 {[%emt 0:00:13]} 24. Be2 {[%emt 0:00:34]} Ba8 {[%emt 0:00:41]} 25. Rd6 {[%emt 0:00:53]} Rb8 {[%emt 0:00:02]} 26. Qd4 {[%emt 0:01:44]} Qe7 {[%emt 0:00:28]} 27. Qe5 {[%emt 0:00:58]} Qb7 {[%emt 0:01:00]} 28. e4 {[%emt 0:00:47]} h6 {[%emt 0:00:40]} 29. f3 {[%emt 0:00:11]} Rc8 {[%emt 0:00:05]} 30. Qd4 {[%emt 0:00:06]} Qb8 {[%emt 0:00:22]} 31. Kf2 {[%emt 0:00:31]} Bc6 {[%emt 0:00:09]} 32. Bb5 {[%emt 0:00:28]} Bxb5 {[%emt 0:00:01]} 33. axb5 {[%emt 0:00:19]} Qc7 {[%emt 0:00:24]} 34. e5 {[%emt 0:00:30]} Rb8 {[%emt 0:00:01]} 35. h4 {[%emt 0:00:30]} Nb3 {[%emt 0:00:01]} 36. Qe3 {[%emt 0:00:12]} Nc5 {[%emt 0:00:05]} 37. Qd4 {[%emt 0:00:19]} Nb3 {[%emt 0:00:01]} 38. Rd7 {[%emt 0:00:03]} Qc5 {[%emt 0:00:36]} 39. Qe3 {[%emt 0:01:00]} Kf8 {[%emt 0:00:08]} 40. Ne4 {[%emt 0:00:23]} Qc2+ {[%emt 0:00:02]} 41. Kg1 {[%emt 0:00:02]} Rc8 {[%emt 0:00:03]} 42. Nd6 {[%emt 0:00:40]} Qb1+ {[%emt 0:00:22]} 43. Kg2 {[%emt 0:00:02]} Rc2+ {[%emt 0:00:16]} 44. Kh3 {[%emt 0:00:01]} Qf1+ {[%emt 0:00:15]} 45. Kg4 {[%emt 0:00:01]} Nc5 {[%emt 0:00:08]} 46. Rxf7+ {[%emt 0:00:07]} Kg8 {[%emt 0:00:01]} 47. Kh5 {[%emt 0:00:21]} Qd3 {[%emt 0:00:18]} 48. Qf4 {[%emt 0:00:31]} Kh7 {[%emt 0:00:12]} 49. Qxh6+ {[%emt 0:00:02] VahapSanal terk eder (Lag: Av=1.40s, max=3.3s)} 1-0

[Event "GrandMasters Battle 2"]
[Site "Mustafa Kemal Atatürk"]
[Date "2020.07.07"]
[Round "3"]
[White "VahapSanal"]
[Black "Shak"]
[Result "0-1"]
[WhiteElo "1620"]
[BlackElo "1620"]
[Annotator "NA"]
[PlyCount "82"]
[EventDate "2020.07.07"]
[EventType "swiss (rapid)"]

1. e4 {[%emt 0:00:01]} e5 {[%emt 0:00:04]} 2. Nf3 {[%emt 0:00:04]} Nf6 {[%emt 0:00:01]} 3. d4 {[%emt 0:00:07]} Nxe4 {[%emt 0:00:03]} 4. Bd3 {[%emt 0:00:07]} d5 {[%emt 0:00:15]} 5. Nxe5 {[%emt 0:00:12]} Nd7 {[%emt 0:00:01]} 6. O-O {[%emt 0:00:29]} Nxe5 {[%emt 0:00:13]} 7. dxe5 {[%emt 0:00:01]} Nc5 {[%emt 0:00:05]} 8. Nc3 {[%emt 0:00:03]} c6 {[%emt 0:00:09]} 9. f4 {[%emt 0:00:30]} f5 {[%emt 0:01:18]} 10. exf6 {[%emt 0:03:28]} Qxf6 {[%emt 0:00:04]} 11. f5 {[%emt 0:01:18]} Be7 {[%emt 0:01:00]} 12. g4 {[%emt 0:02:42]} Bd7 {[%emt 0:01:47]} 13. Be3 {[%emt 0:00:47]} O-O-O {[%emt 0:00:32]} 14. Be2 {[%emt 0:00:26]} Bd6 {[%emt 0:01:07]} 15. Qd4 {[%emt 0:00:23]} Rde8 {[%emt 0:01:16]} 16. Qxf6 {[%emt 0:01:58]} gxf6 {[%emt 0:00:00]} 17. Bd4 {[%emt 0:00:08]} Rhg8 {[%emt 0:01:26]} 18. Bxf6 {[%emt 0:01:00]} Ref8 {[%emt 0:00:03]} 19. Bd4 {[%emt 0:00:18]} Bxf5 {[%emt 0:00:03]} 20. h3 {[%emt 0:01:06]} h5 {[%emt 0:01:09]} 21. Kh1 {[%emt 0:00:49]} hxg4 {[%emt 0:00:33]} 22. hxg4 {[%emt 0:00:27]} Bxc2 {[%emt 0:01:25]} 23. Rxf8+ {[%emt 0:00:19]} Bxf8 {[%emt 0:00:33]} 24. Rc1 {[%emt 0:00:37]} Be4+ {[%emt 0:00:07]} 25. Nxe4 {[%emt 0:01:27]} Nxe4 {[%emt 0:00:00]} 26. Bf3 {[%emt 0:00:04]} Bg7 {[%emt 0:00:42]} 27. Bxg7 {[%emt 0:00:35]} Rxg7 {[%emt 0:00:02]} 28. Bxe4 {[%emt 0:00:05]} dxe4 {[%emt 0:00:01]} 29. Rg1 {[%emt 0:00:00]} Kd7 {[%emt 0:00:01]} 30. Kh2 {[%emt 0:00:02]} Ke6 {[%emt 0:00:01]} 31. Kg3 {[%emt 0:00:06]} Ke5 {[%emt 0:00:02]} 32. Rf1 {[%emt 0:00:03]} e3 {[%emt 0:00:10]} 33. Rf8 {[%emt 0:00:07]} Ke4 {[%emt 0:00:04]} 34. Re8+ {[%emt 0:00:20]} Kd3 {[%emt 0:00:03]} 35. Rd8+ {[%emt 0:00:20]} Ke2 {[%emt 0:00:05]} 36. b4 {[%emt 0:00:18]} Ke1 {[%emt 0:00:07]} 37. Rd4 {[%emt 0:00:12]} e2 {[%emt 0:00:04]} 38. a4 {[%emt 0:00:06]} b6 {[%emt 0:00:16]} 39. Rd6 {[%emt 0:00:02]} c5 {[%emt 0:00:02]} 40. bxc5 {[%emt 0:00:00]} bxc5 {[%emt 0:00:00]} 41. Rc6 {[%emt 0:00:12]} Re7 {[%emt 0:00:20] VahapSanal terk eder (Lag: Av=1.74s, max=12.5s)} 0-1

[Event "GrandMasters Battle 2"]
[Site "Mustafa Kemal Atatürk"]
[Date "2020.07.07"]
[Round "4"]
[White "Shak"]
[Black "VahapSanal"]
[Result "1/2-1/2"]
[WhiteElo "1711"]
[BlackElo "1512"]
[Annotator "NA"]
[PlyCount "80"]
[EventDate "2020.07.07"]
[EventType "swiss (rapid)"]

1. d4 {[%emt 0:00:05]} d5 {[%emt 0:00:01]} 2. c4 {[%emt 0:00:01]} e6 {[%emt 0:00:01]} 3. Nf3 {[%emt 0:00:00]} a6 {[%emt 0:00:02]} 4. Qc2 {[%emt 0:00:04]} Nf6 {[%emt 0:00:25]} 5. Bg5 {[%emt 0:00:03]} Be7 {[%emt 0:00:01]} 6. e3 {[%emt 0:00:02]} Nbd7 {[%emt 0:00:05]} 7. Nbd2 {[%emt 0:00:39]} O-O {[%emt 0:00:27]} 8. Rd1 {[%emt 0:00:49]} b6 {[%emt 0:00:31]} 9. cxd5 {[%emt 0:00:11]} exd5 {[%emt 0:00:31]} 10. g3 {[%emt 0:00:53]} c5 {[%emt 0:00:41]} 11. Bg2 {[%emt 0:00:43]} Bb7 {[%emt 0:00:04]} 12. O-O {[%emt 0:00:03]} h6 {[%emt 0:00:11]} 13. Bxf6 {[%emt 0:00:47]} Nxf6 {[%emt 0:00:02]} 14. dxc5 {[%emt 0:00:03]} bxc5 {[%emt 0:00:02]} 15. Nh4 {[%emt 0:00:02]} Qb6 {[%emt 0:02:57]} 16. Nf5 {[%emt 0:00:16]} Rfe8 {[%emt 0:00:09]} 17. Nxe7+ {[%emt 0:00:07]} Rxe7 {[%emt 0:00:01]} 18. Rc1 {[%emt 0:00:00]} Rc8 {[%emt 0:00:20]} 19. Rfd1 {[%emt 0:00:06]} Rec7 {[%emt 0:00:37]} 20. b3 {[%emt 0:01:18]} Ba8 {[%emt 0:00:14]} 21. Qf5 {[%emt 0:00:14]} a5 {[%emt 0:00:48]} 22. Qf4 {[%emt 0:00:15]} Nh5 {[%emt 0:00:42]} 23. Qf5 {[%emt 0:00:25]} Nf6 {[%emt 0:00:02]} 24. Qf4 {[%emt 0:00:43]} Qb4 {[%emt 0:00:52]} 25. Rc2 {[%emt 0:00:09]} Qxf4 {[%emt 0:00:27]} 26. gxf4 {[%emt 0:00:00]} Bb7 {[%emt 0:00:35]} 27. Rdc1 {[%emt 0:00:10]} g5 {[%emt 0:01:31]} 28. fxg5 {[%emt 0:00:15]} hxg5 {[%emt 0:00:00]} 29. Nf3 {[%emt 0:00:17]} g4 {[%emt 0:00:45]} 30. Nh4 {[%emt 0:00:03]} Ba6 {[%emt 0:00:18]} 31. Rc3 {[%emt 0:00:24]} c4 {[%emt 0:01:22]} 32. Ra1 {[%emt 0:00:29]} cxb3 {[%emt 0:02:52]} 33. Rxc7 {[%emt 0:00:02]} Rxc7 {[%emt 0:00:01]} 34. axb3 {[%emt 0:00:00]} Rc3 {[%emt 0:00:16]} 35. h3 {[%emt 0:00:36]} gxh3 {[%emt 0:00:06]} 36. Bxh3 {[%emt 0:00:00]} d4 {[%emt 0:00:21]} 37. Rxa5 {[%emt 0:00:19]} dxe3 {[%emt 0:00:03]} 38. Rxa6 {[%emt 0:00:22]} exf2+ {[%emt 0:01:20]} 39. Kxf2 {[%emt 0:00:00]} Rxh3 {[%emt 0:00:04]} 40. Rxf6 {[%emt 0:00:08]} Rxh4 {[%emt 0:00:01] Shak offers a draw (Lag: Av=1.34s, max=4.4s)} 1/2-1/2

[Event "GrandMasters Battle 2"]
[Site "Mustafa Kemal Atatürk"]
[Date "2020.07.08"]
[Round "5"]
[White "VahapSanal"]
[Black "Shak"]
[Result "0-1"]
[WhiteElo "1551"]
[BlackElo "1673"]
[Annotator "NA"]
[PlyCount "76"]
[EventDate "2020.07.08"]
[EventType "swiss (rapid)"]

1. e4 {[%emt 0:00:02]} c5 {[%emt 0:00:02]} 2. Nf3 {[%emt 0:00:02]} e6 {[%emt 0:00:04]} 3. d4 {[%emt 0:00:08]} cxd4 {[%emt 0:00:00]} 4. Nxd4 {[%emt 0:00:01]} Nc6 {[%emt 0:00:02]} 5. Nc3 {[%emt 0:00:25]} Nf6 {[%emt 0:00:02]} 6. Ndb5 {[%emt 0:00:15]} d6 {[%emt 0:00:02]} 7. Bf4 {[%emt 0:00:04]} e5 {[%emt 0:00:01]} 8. Bg5 {[%emt 0:00:01]} a6 {[%emt 0:00:01]} 9. Na3 {[%emt 0:00:00]} Be6 {[%emt 0:00:01]} 10. Nc4 {[%emt 0:00:54]} Rb8 {[%emt 0:00:07]} 11. Be2 {[%emt 0:03:42] VahapSanal reconnected. VahapSanal reconnected. VahapSanal reconnected.} Nd4 {[%emt 0:01:48]} 12. Ne3 {[%emt 0:01:08]} Be7 {[%emt 0:00:05]} 13. Bxf6 {[%emt 0:00:09]} Bxf6 {[%emt 0:00:03]} 14. Ncd5 {[%emt 0:00:02]} Bg5 {[%emt 0:02:20]} 15. c3 {[%emt 0:00:03]} Nxe2 {[%emt 0:00:04]} 16. Qxe2 {[%emt 0:00:02]} O-O {[%emt 0:00:02]} 17. O-O {[%emt 0:00:07]} g6 {[%emt 0:00:45]} 18. Rad1 {[%emt 0:00:14]} b5 {[%emt 0:00:37]} 19. g3 {[%emt 0:00:21]} Bh6 {[%emt 0:01:24]} 20. f4 {[%emt 0:01:38]} exf4 {[%emt 0:01:14]} 21. gxf4 {[%emt 0:00:03]} Re8 {[%emt 0:01:19]} 22. Qg2 {[%emt 0:03:25]} Kh8 {[%emt 0:00:41]} 23. Kh1 {[%emt 0:00:35]} Qh4 {[%emt 0:01:46]} 24. Qf3 {[%emt 0:03:16]} Rbc8 {[%emt 0:01:35]} 25. Rd2 {[%emt 0:01:45]} a5 {[%emt 0:00:10]} 26. Rg2 {[%emt 0:00:08]} Bh3 {[%emt 0:00:31]} 27. Rg3 {[%emt 0:00:27]} Bxf1 {[%emt 0:00:30]} 28. Qxf1 {[%emt 0:00:05]} Bg7 {[%emt 0:00:34]} 29. Rh3 {[%emt 0:00:16]} Qd8 {[%emt 0:00:01]} 30. Qf3 {[%emt 0:00:23]} b4 {[%emt 0:00:10]} 31. f5 {[%emt 0:00:27]} bxc3 {[%emt 0:00:11]} 32. bxc3 {[%emt 0:00:08]} Rb8 {[%emt 0:00:43]} 33. f6 {[%emt 0:00:03]} Bf8 {[%emt 0:00:07]} 34. Nf5 {[%emt 0:00:17]} Re5 {[%emt 0:01:21]} 35. Rxh7+ {[%emt 0:00:11]} Kxh7 {[%emt 0:00:02]} 36. Qh3+ {[%emt 0:00:01]} Kg8 {[%emt 0:00:01]} 37. Nde7+ {[%emt 0:00:18]} Rxe7 {[%emt 0:00:21]} 38. fxe7 {[%emt 0:00:12]} Bxe7 {[%emt 0:00:00] VahapSanal terk eder (Lag: Av=1.11s, max=1.8s)} 0-1

[Event "GrandMasters Battle 2"]
[Site "Mustafa Kemal Atatürk"]
[Date "2020.07.08"]
[Round "6"]
[White "Shak"]
[Black "VahapSanal"]
[Result "0-1"]
[WhiteElo "1720"]
[BlackElo "1504"]
[Annotator "NA"]
[PlyCount "68"]
[EventDate "2020.07.08"]
[EventType "swiss (rapid)"]

1. d4 {[%emt 0:00:15]} d5 {[%emt 0:00:02]} 2. c4 {[%emt 0:00:02]} e6 {[%emt 0:00:01]} 3. Nf3 {[%emt 0:00:07]} a6 {[%emt 0:00:02]} 4. Bg5 {[%emt 0:00:01]} Be7 {[%emt 0:00:10]} 5. Bxe7 {[%emt 0:00:02]} Nxe7 {[%emt 0:00:16]} 6. e3 {[%emt 0:00:11]} O-O {[%emt 0:00:16]} 7. Nbd2 {[%emt 0:00:14]} Nd7 {[%emt 0:00:50]} 8. Rc1 {[%emt 0:00:09]} b6 {[%emt 0:01:05]} 9. cxd5 {[%emt 0:02:21]} Nxd5 {[%emt 0:00:05]} 10. a3 {[%emt 0:01:14]} Bb7 {[%emt 0:00:11]} 11. Bd3 {[%emt 0:00:59]} c5 {[%emt 0:00:12]} 12. O-O {[%emt 0:00:03]} cxd4 {[%emt 0:00:06]} 13. Nxd4 {[%emt 0:00:05]} Nc5 {[%emt 0:00:56]} 14. Bb1 {[%emt 0:00:05]} Nf6 {[%emt 0:04:31]} 15. b4 {[%emt 0:00:54]} Qd5 {[%emt 0:01:18]} 16. f3 {[%emt 0:01:16]} Ncd7 {[%emt 0:00:28]} 17. Nc4 {[%emt 0:01:07]} Qg5 {[%emt 0:00:59]} 18. e4 {[%emt 0:01:36]} Rad8 {[%emt 0:01:32]} 19. f4 {[%emt 0:00:33]} Qh6 {[%emt 0:00:11]} 20. Nd6 {[%emt 0:00:22]} Ba8 {[%emt 0:00:12]} 21. Nc6 {[%emt 0:02:54]} Bxc6 {[%emt 0:00:10]} 22. Rxc6 {[%emt 0:00:00]} g6 {[%emt 0:01:45]} 23. Qf3 {[%emt 0:01:40]} Qg7 {[%emt 0:00:57]} 24. Rd1 {[%emt 0:00:19]} Rb8 {[%emt 0:02:06]} 25. Ba2 {[%emt 0:00:11]} Rfd8 {[%emt 0:00:08]} 26. e5 {[%emt 0:00:03]} Nh5 {[%emt 0:00:29]} 27. Nxf7 {[%emt 0:00:12]} Kxf7 {[%emt 0:00:11]} 28. Rxe6 {[%emt 0:00:37]} Kf8 {[%emt 0:00:01]} 29. g4 {[%emt 0:00:13]} Ndf6 {[%emt 0:00:36]} 30. gxh5 {[%emt 0:00:46]} gxh5+ {[%emt 0:00:02]} 31. Kh1 {[%emt 0:00:05]} Rxd1+ {[%emt 0:00:01]} 32. Qxd1 {[%emt 0:00:02]} Ne4 {[%emt 0:00:00]} 33. Rf6+ {[%emt 0:01:19]} Qxf6 {[%emt 0:00:01]} 34. Qd4 {[%emt 0:00:35]} Qxf4 {[%emt 0:00:07] Shak resigns (Lag: Av=1.61s, max=13.4s)} 0-1

[Event "GrandMasters Battle 2"]
[Site "Mustafa Kemal Atatürk"]
[Date "2020.07.08"]
[Round "7"]
[White "VahapSanal"]
[Black "Shak"]
[Result "1/2-1/2"]
[WhiteElo "1609"]
[BlackElo "1615"]
[Annotator "NA"]
[PlyCount "99"]
[EventDate "2020.07.08"]
[EventType "swiss (rapid)"]

1. e4 {[%emt 0:00:02]} c5 {[%emt 0:00:01]} 2. Nf3 {[%emt 0:00:03]} e6 {[%emt 0:00:01]} 3. d4 {[%emt 0:00:06]} cxd4 {[%emt 0:00:00]} 4. Nxd4 {[%emt 0:00:00]} Nc6 {[%emt 0:00:01]} 5. Nc3 {[%emt 0:00:01]} Nf6 {[%emt 0:00:03]} 6. Ndb5 {[%emt 0:00:02]} d6 {[%emt 0:00:03]} 7. Bf4 {[%emt 0:00:02]} e5 {[%emt 0:00:01]} 8. Bg5 {[%emt 0:00:01]} a6 {[%emt 0:00:01]} 9. Na3 {[%emt 0:00:01]} Be6 {[%emt 0:00:00]} 10. Nc4 {[%emt 0:00:10]} Rb8 {[%emt 0:00:03]} 11. Be2 {[%emt 0:00:31]} Nd4 {[%emt 0:00:03]} 12. Ne3 {[%emt 0:00:53]} Be7 {[%emt 0:00:04]} 13. Bxf6 {[%emt 0:00:03]} Bxf6 {[%emt 0:00:01]} 14. Ncd5 {[%emt 0:00:01]} Bg5 {[%emt 0:00:00]} 15. c3 {[%emt 0:00:03]} Nxe2 {[%emt 0:00:02]} 16. Qxe2 {[%emt 0:00:00]} O-O {[%emt 0:00:01]} 17. O-O {[%emt 0:00:03]} g6 {[%emt 0:00:04]} 18. Rad1 {[%emt 0:00:02]} b5 {[%emt 0:00:03]} 19. g3 {[%emt 0:00:57]} Bh6 {[%emt 0:00:04]} 20. f4 {[%emt 0:00:22]} exf4 {[%emt 0:00:03]} 21. gxf4 {[%emt 0:00:02]} Re8 {[%emt 0:00:01]} 22. f5 {[%emt 0:01:55]} Bxe3+ {[%emt 0:01:50]} 23. Qxe3 {[%emt 0:02:00]} Bxd5 {[%emt 0:02:15]} 24. Rxd5 {[%emt 0:00:03]} Qb6 {[%emt 0:00:03]} 25. Rd4 {[%emt 0:00:32]} b4 {[%emt 0:04:50]} 26. f6 {[%emt 0:03:26]} bxc3 {[%emt 0:00:05]} 27. bxc3 {[%emt 0:00:02]} Kh8 {[%emt 0:00:08]} 28. Kh1 {[%emt 0:02:43]} Qb5 {[%emt 0:00:41]} 29. c4 {[%emt 0:02:43]} Qe5 {[%emt 0:00:28]} 30. Rd5 {[%emt 0:01:55]} Qe6 {[%emt 0:00:45]} 31. Rd4 {[%emt 0:01:19]} Rb2 {[%emt 0:00:54]} 32. Qg3 {[%emt 0:00:15]} h5 {[%emt 0:00:29]} 33. Rf2 {[%emt 0:00:07]} Rxf2 {[%emt 0:00:19]} 34. Qxf2 {[%emt 0:00:01]} Qe5 {[%emt 0:00:01]} 35. Kg2 {[%emt 0:00:19]} Kh7 {[%emt 0:00:10]} 36. Qd2 {[%emt 0:00:12]} Re6 {[%emt 0:00:04]} 37. Qd3 {[%emt 0:00:08]} Qxf6 {[%emt 0:00:22]} 38. Rd5 {[%emt 0:00:04]} Qf4 {[%emt 0:00:15]} 39. Qf3 {[%emt 0:00:01]} Rxe4 {[%emt 0:00:16]} 40. Qxf4 {[%emt 0:00:10]} Rxf4 {[%emt 0:00:01]} 41. Rxd6 {[%emt 0:00:00]} a5 {[%emt 0:00:34]} 42. c5 {[%emt 0:00:15]} Ra4 {[%emt 0:00:15]} 43. c6 {[%emt 0:00:34]} Rxa2+ {[%emt 0:00:02]} 44. Kf3 {[%emt 0:00:00]} Rxh2 {[%emt 0:00:10]} 45. Ke4 {[%emt 0:00:09]} h4 {[%emt 0:00:06]} 46. Kd3 {[%emt 0:00:11]} Rh1 {[%emt 0:01:31]} 47. Kd2 {[%emt 0:00:01]} Rh2+ {[%emt 0:00:21]} 48. Kd3 {[%emt 0:00:02]} Rh1 {[%emt 0:00:01]} 49. Kd2 {[%emt 0:00:01]} Rh2+ {[%emt 0:00:13]} 50. Kd3 {[%emt 0:00:01] (Lag: Av=1.53s, max=13.0s)} 1/2-1/2

[Event "GrandMasters Battle 2"]
[Site "Mustafa Kemal Atatürk"]
[Date "2020.07.08"]
[Round "8"]
[White "Shak"]
[Black "VahapSanal"]
[Result "0-1"]
[WhiteElo "1614"]
[BlackElo "1611"]
[Annotator "NA"]
[PlyCount "154"]
[EventDate "2020.07.08"]
[EventType "swiss (rapid)"]

1. d4 {[%emt 0:00:06]} d5 {[%emt 0:00:02]} 2. c4 {[%emt 0:00:00]} e6 {[%emt 0:00:01]} 3. Nf3 {[%emt 0:00:00]} a6 {[%emt 0:00:01]} 4. Nbd2 {[%emt 0:00:01]} dxc4 {[%emt 0:01:22]} 5. Nxc4 {[%emt 0:00:08]} b5 {[%emt 0:00:03]} 6. Nce5 {[%emt 0:00:13]} Bb7 {[%emt 0:01:25]} 7. g3 {[%emt 0:00:20]} Nf6 {[%emt 0:00:21]} 8. Bg2 {[%emt 0:00:03]} Bb4+ {[%emt 0:01:57]} 9. Bd2 {[%emt 0:00:03]} Qe7 {[%emt 0:00:55]} 10. O-O {[%emt 0:01:00]} Bxd2 {[%emt 0:00:25]} 11. Qxd2 {[%emt 0:00:05]} O-O {[%emt 0:00:02]} 12. Rac1 {[%emt 0:00:08]} Bd5 {[%emt 0:00:48]} 13. Qa5 {[%emt 0:01:30]} c6 {[%emt 0:00:34]} 14. a3 {[%emt 0:00:41]} Ra7 {[%emt 0:00:42]} 15. Rfd1 {[%emt 0:01:45]} Rc8 {[%emt 0:01:28]} 16. Nd3 {[%emt 0:01:09]} Ne8 {[%emt 0:01:36]} 17. Nb4 {[%emt 0:00:59]} Nd6 {[%emt 0:00:10]} 18. Nxd5 {[%emt 0:01:00]} exd5 {[%emt 0:00:56]} 19. b3 {[%emt 0:02:44]} Rac7 {[%emt 0:02:06]} 20. e3 {[%emt 0:00:39]} Nb7 {[%emt 0:00:13]} 21. Qb4 {[%emt 0:00:02]} Qxb4 {[%emt 0:00:58]} 22. axb4 {[%emt 0:00:00]} Rd8 {[%emt 0:00:37]} 23. Rc2 {[%emt 0:00:13]} g6 {[%emt 0:00:56]} 24. Ne5 {[%emt 0:00:03]} f6 {[%emt 0:00:06]} 25. Nd3 {[%emt 0:00:02]} Re7 {[%emt 0:00:38]} 26. Rdc1 {[%emt 0:00:14]} Rd6 {[%emt 0:00:08]} 27. h4 {[%emt 0:00:01]} Kg7 {[%emt 0:00:04]} 28. Bh3 {[%emt 0:00:06]} f5 {[%emt 0:00:21]} 29. Kh2 {[%emt 0:00:19]} Nd8 {[%emt 0:00:02]} 30. Ne5 {[%emt 0:00:28]} Rde6 {[%emt 0:00:23]} 31. Nd3 {[%emt 0:00:50]} Rd6 {[%emt 0:00:08]} 32. Ra1 {[%emt 0:00:00]} Nb7 {[%emt 0:00:17]} 33. h5 {[%emt 0:00:19]} Nd8 {[%emt 0:00:14]} 34. hxg6 {[%emt 0:00:25]} hxg6 {[%emt 0:00:02]} 35. Nc5 {[%emt 0:00:02]} Ne6 {[%emt 0:00:13]} 36. Nxa6 {[%emt 0:00:07]} Ra7 {[%emt 0:00:29]} 37. Rca2 {[%emt 0:00:02]} Rxa6 {[%emt 0:00:07]} 38. Rxa6 {[%emt 0:00:00]} Nxa6 {[%emt 0:00:00]} 39. Rxa6 {[%emt 0:00:01]} Kf6 {[%emt 0:00:23]} 40. Bf1 {[%emt 0:00:18]} Nc7 {[%emt 0:00:14]} 41. Ra7 {[%emt 0:00:06]} Ne6 {[%emt 0:00:10]} 42. Bd3 {[%emt 0:00:13]} Rd8 {[%emt 0:00:04]} 43. Ra6 {[%emt 0:00:06]} Rc8 {[%emt 0:00:08]} 44. Kg2 {[%emt 0:00:08]} Rc7 {[%emt 0:00:09]} 45. Kf3 {[%emt 0:00:26]} Ng5+ {[%emt 0:00:02]} 46. Kg2 {[%emt 0:00:02]} Ne6 {[%emt 0:00:02]} 47. f4 {[%emt 0:00:11]} Rc8 {[%emt 0:00:39]} 48. Kf3 {[%emt 0:00:23]} g5 {[%emt 0:00:05]} 49. fxg5+ {[%emt 0:00:30]} Nxg5+ {[%emt 0:00:01]} 50. Kg2 {[%emt 0:00:01]} Ne6 {[%emt 0:00:02]} 51. Ra1 {[%emt 0:00:04]} Rg8 {[%emt 0:00:33]} 52. Rf1 {[%emt 0:00:32]} Rg5 {[%emt 0:00:02]} 53. Bb1 {[%emt 0:00:05]} Kg6 {[%emt 0:00:20]} 54. Rc1 {[%emt 0:01:00]} Nd8 {[%emt 0:00:02]} 55. Kf3 {[%emt 0:00:01]} Kf6 {[%emt 0:00:06]} 56. Rh1 {[%emt 0:00:14]} Nf7 {[%emt 0:00:13]} 57. Rh4 {[%emt 0:00:25]} Nd6 {[%emt 0:00:17]} 58. Kf4 {[%emt 0:00:11]} Rg6 {[%emt 0:00:04]} 59. Bd3 {[%emt 0:00:20]} Rg7 {[%emt 0:00:03]} 60. Rh6+ {[%emt 0:00:11]} Ke7 {[%emt 0:00:02]} 61. Rh4 {[%emt 0:00:22]} Ke6 {[%emt 0:00:08]} 62. Bf1 {[%emt 0:00:08]} Ne4 {[%emt 0:00:30]} 63. Rh6+ {[%emt 0:01:24]} Kd7 {[%emt 0:00:03]} 64. Bh3 {[%emt 0:00:35]} Nxg3 {[%emt 0:00:02]} 65. Rh8 {[%emt 0:00:01]} Kd6 {[%emt 0:00:22]} 66. Rf8 {[%emt 0:00:09]} Ne2+ {[%emt 0:00:13]} 67. Kxf5 {[%emt 0:00:07]} Rg3 {[%emt 0:00:04]} 68. Bg4 {[%emt 0:01:35]} Rxe3 {[%emt 0:00:02]} 69. Rf6+ {[%emt 0:00:02]} Kc7 {[%emt 0:00:05]} 70. Bxe2 {[%emt 0:00:03]} Rxe2 {[%emt 0:00:01]} 71. Rg6 {[%emt 0:00:00]} Re3 {[%emt 0:00:07]} 72. Rg7+ {[%emt 0:00:57]} Kb6 {[%emt 0:00:01]} 73. Rg8 {[%emt 0:00:01]} Kb7 {[%emt 0:00:21]} 74. Rg7+ {[%emt 0:00:04]} Kb6 {[%emt 0:00:01]} 75. Rg8 {[%emt 0:00:01]} Rxb3 {[%emt 0:00:08]} 76. Ke5 {[%emt 0:00:02]} Rxb4 {[%emt 0:00:03]} 77. Kd6 {[%emt 0:00:01]} Rc4 {[%emt 0:00:13] Shak resigns (Lag: Av=1.67s, max=12.3s)} 0-1